000 00210nam a2200085Ia 4500
008 120527s9999 xx 000 0 und d
100 _aLAWAL, M.I.
245 _aEstate development practice in Nigeria
942 _cBK
999 _c25049
_d25049